LEADER 00939nam a2200265 i 4500 001 991001074159707536 005 20020507182732.0 008 970225s197- it ||| | ita 035 $ab10797312-39ule_inst 035 $aLE01306630$9ExL 040 $aDip.to Matematica$beng 082 0 $a515.94 084 $aAMS 32F20 100 1 $aKerzman, N.$0535908 245 10$aLezioni di analisi complessa in più variabili /$cN. Kerzman 260 $aFirenze :$bCNR, Centro di analisi globale,$c[197-?] 300 $a32 p. ;$c29 cm. 650 4$aComplex analysis 650 4$aGeometric convexity 907 $a.b10797312$b02-04-14$c28-06-02 912 $a991001074159707536 945 $aLE013 32F KER11 (1975)$g1$i2013000148021$lle013$o-$pE0.00$q-$rl$s- $t0$u0$v0$w0$x0$y.i10899054$z28-06-02 996 $aLezioni di analisi complessa in più variabili$9921708 997 $aUNISALENTO 998 $ale013$b01-01-97$cm$da $e-$fita$git $h0$i1 LEADER 01890nam0 2200433 i 450 001 CFI0106135 005 20251003044121.0 010 $a8820005875 020 $aIT$b89-8683 100 $a20021029d1987 ||||0itac50 ba 101 | $aita$cfre 102 $ait 181 1$6z01$ai $bxxxe 182 1$6z01$an 200 1 $aˆIl ‰banchiere dei banchieri$eun uomo d'influenza: sir Siegmund Warburg$fJacques Attali 210 $a[Milano]$cSperling & Kupfer$d[1987] 215 $aX, 476 p.$d22 cm 225 | $aE & M$eEconomia e management$v35 300 $aTrad. di Marisa Aboaf. 410 0$1001CFI0014532$12001 $aE & M$eEconomia e management$v35 500 10$aˆUn ‰homme d'influence.$3CFI0106139$9CFIV023341$93578571 606 $aWarburg, Siegmund$2FIR$3CFIC038358$9E 676 $a332$9ECONOMIA FINANZIARIA$v19 676 $a332.1092$9BANCHE E SERVIZI BANCARI. Persone$v12 676 $a332.1092$9BANCHE E SERVIZI BANCARI. PERSONE$v20 676 $a332.1092$9BANCHE. Persone$v21 676 $a332.10924$9BANCHE E SERVIZI BANCARI. Singole persone$v23 686 $aX0.1$cBIOGRAFIE GENERALI$2R 686 $aX30.0$cSTORIA ECONOMICO-SOCIALE$2R 686 $aX30.5$cFINANZA CREDITO MONETA$2R 700 1$aAttali$b, Jacques$3CFIV023341$4070$0118880 801 3$aIT$bIT-000000$c20021029 850 $aIT-BN0095 901 $bNAP 01$cPOZZO LIB.$nVi sono collocati fondi di economia, periodici di ingegneria e scienze, periodici di economia e statistica e altri fondi comprendenti documenti di economia pervenuti in dono. 912 $aCFI0106135 950 0$aBiblioteca Centralizzata di Ateneo$c1 v.$d 01POZZO LIB.F. PARRAVICINI 606$e 0101 0600170175E VMA 1 v. (Precedente collocazione P. 1160)$fB $h20050627$i20231109 977 $a 01 996 $aHomme d'influence$93578571 997 $aUNISANNIO